Preliminary studies on new anti-reversion agents for the sulfur vulcanization of diene rubbers (Record no. 65516)

MARC details
000 -LEADER
fixed length control field 00502nam a2200169Ia 4500
100 ## - MAIN ENTRY--AUTHOR NAME
Personal name Blok E J
245 #0 - TITLE STATEMENT
Title Preliminary studies on new anti-reversion agents for the sulfur vulcanization of diene rubbers
260 ## - PUBLICATION, DISTRIBUTION, ETC. (IMPRINT)
Name of publisher Rubber Chemistry and Technology
Year of publication 2000
300 ## - PHYSICAL DESCRIPTION
Number of Pages 114-121
650 ## - SUBJECT ADDED ENTRY--TOPICAL TERM
Topical Term Anti-reversion agent
650 ## - SUBJECT ADDED ENTRY--TOPICAL TERM
Topical Term Diene rubbers
650 ## - SUBJECT ADDED ENTRY--TOPICAL TERM
Topical Term Sulfur vulcanization
700 ## - ADDED ENTRY--PERSONAL NAME
Personal name Kralevich M L
700 ## - ADDED ENTRY--PERSONAL NAME
Personal name Varner J E
942 ## - ADDED ENTRY ELEMENTS (KOHA)
Koha item type Journals
Holdings
Withdrawn status Lost status Damaged status Not for loan Home library Current library Shelving location Date acquired Serial Enumeration / chronology Koha item type
      Journals RRII Library RRII Library Rubber chemistry 17/12/2021 Volume 73, Issue 1 Journals